Agatha Christie Novels Sudden Death - Statistics

General Stats
  • This quiz has been taken 125 times
  • The average score is 15 of 24
Answers on the Grid
Answers color-coded by a green-red scale on the quiz's grid according to % correct below.
The ABC Murders
A is for Arsenic
Appointment with Death
The Big Four
The Body in the Library
Cat Among the Pigeons
The Clocks
Closed Casket
Death in the Clouds
Death on the Nile
Endless Night
The Hollow
Lord Edgware Dies
The Man in the Brown Suit
The Monogram Murders
Murder Isn't Easy
Murder on the Orient Express
The Mystery of the Green Train
The Mystery of Three Quarters
Nemesis
One, Two Buckle My Shoe
Ordeal by Innocence
Partners in Crime
Peril at End House
The Secret of Chimneys
The Sittaford Mystery
Spider's Web
They Do It with Mirrors
Three Blind Mice
Towards Zero
The Unexpected Guest
Why Didn't They Ask Evans?
 
Answer Stats
Answer % Correct
The ABC Murders
90%
Death on the Nile
86%
Murder on the Orient Express
84%
The Body in the Library
80%
The Man in the Brown Suit
74%
Appointment with Death
70%
Cat Among the Pigeons
70%
Death in the Clouds
70%
The Big Four
70%
Lord Edgware Dies
67%
One, Two Buckle My Shoe
65%
The Clocks
64%
The Secret of Chimneys
61%
Nemesis
58%
Peril at End House
58%
Endless Night
57%
Ordeal by Innocence
57%
Why Didn't They Ask Evans?
57%
They Do It with Mirrors
55%
The Hollow
54%
The Sittaford Mystery
51%
Towards Zero
49%
Partners in Crime
35%
Three Blind Mice
30%
No matching quizzes found
Score Distribution
Percent of People with Each Score
Percentile by Number Answered
Your Score History
You have not taken this quiz